000 00611nam a2200181Ia 4500
008 151018s9999 xx 000 0 und d
082 _bRBASDV60390
_a891.434
100 _aवि के सिंह
245 _aश्रेष्ठ हिंदी निबंध
250 _b1
260 _bमित्तल एंड सन्स
_c2011
300 _a280
600 _aवि के सिंह
630 _aश्रेष्ठ हिंदी निबंध
700 _aवि के सिंह
730 _aश्रेष्ठ हिंदी निबंध
942 _cBOOK
999 _c1053926
_d1053923